| 000 | 00710nam2a2200205 4500 | ||
|---|---|---|---|
| 001 | RU\NLR\PER_A\003491743_000310 | ||
| 005 | 20250625162110.0 | ||
| 035 | _a(NLR Aleph) 022217832 | ||
| 090 |
_a13092759 _c13092759 |
||
| 100 | _a20240508d2008 |||y0rusy50 ca | ||
| 101 | 0 | _alat | |
| 102 | _aRU | ||
| 200 | 0 | _aVol. 14, fasc. 1 | |
| 210 |
_d2008 _aБ. м. |
||
| 461 | 0 |
_1001RU\NLR\INFOCOMM_13\5000190741 _12001#$aHyperboreus$eStudia classica$fBibl. classica Petropolitana$vVol. 14, fasc. 1 _93349750 _cPetropoli [St. Petersburg] _d1994- _fBibl. classica Petropolitana _oStudia classica _tHyperboreus _x0949-2615 _vVol. 14, fasc. 1 |
|
| 852 |
_aNLR _jP22/5669 |
||
| 942 | _cISSUE | ||
| 980 | _aNB | ||
| 980 | _aINPER | ||